Problemas de homología

محفوظ في:
التفاصيل البيبلوغرافية
المؤلف الرئيسي: Ramos Carpio, E (مؤلف)
التنسيق: كتاب
اللغة:الإسبانية
منشور في: Madrid Dossat 1945
الموضوعات:
الوسوم: إضافة وسم
لا توجد وسوم, كن أول من يضع وسما على هذه التسجيلة!

MARC

LEADER 00000nam a2200000 a 4500
001 UCW0975
003 CL-VaPUC
008 900801e19450000SP |||||||||||||||||spa|d
082 0 4 |a 514.23  |b RAM  |2 21 
100 0 |a Ramos Carpio, E  |e author  |9 304888 
245 1 0 |a Problemas de homología 
300 |a 206 p 
942 |c BK 
945 |d 19900801 00:00:00 
260 |a Madrid  |b Dossat  |c 1945 
650 7 |a TEORIA HOMOLOGICA  |2 CL-VaPUC  |9 270312 
583 |a last modification  |c 19900801 00:00:00  |k Rodrigo Vera 
999 |c 215971  |d 215969 
952 |0 0  |1 0  |4 0  |6 514_230000000000000_RAM_1945  |7 0  |8 A  |9 201281  |a BIBMAT  |b BIBMAT  |d 2019-11-14  |i 2684594  |o 514.23 RAM 1945  |p 2684594  |r 2025-01-07  |w 2019-11-14  |y BK  |k MAT